000 00249nam a2200085Ia 4500
245 0 _aAn elephant's tail
100 _a Matthews, Elle, , 1966- Umhlanga, South Africa, [c.2008]
_916936
942 _cBK
008 210817s9999 xx 000 0 und d
999 _c120108
_d120107